000 00633nam a2200229 a 4500
001 BRCA_6974
005 20190320205650.0
008 221111s1953----mx-a######---#000-0#spa-#
041 _aspa
044 _amx
050 4 _aF1219.3
_b.R38 C38 1953
100 1 _aCaso, Alfonso
_917369
245 1 0 _aEl pueblo del sol
_cilustrado por Miguel Covarrubias
260 _aMéxico
_bFCE
_c1953
300 _a125 p.
_bil., 16 láminas
_c?? cm.
500 _aO206
650 1 4 _aAzrtecas
_917370
650 1 4 _aIndios de México
_xReligión y Mitología
_917371
700 1 _aCovarrubias, Miguel
_eil.
_910199
902 _aGFM
942 _2lcc
_cB
999 _c6655
_d6655